header

Challenges for game designers (Record no. 35798)

MARC details
000 -LEADER
fixed length control field 01217nam a2200313Ia 4500
100 1# - MAIN ENTRY--AUTHOR NAME
Personal name Brathwaite, Brenda.
245 10 - TITLE STATEMENT
Title Challenges for game designers
260 ## - PUBLICATION, DISTRIBUTION, ETC. (IMPRINT)
Place of publication Boston :
Name of publisher Charles River Media/Cengage Technology,
Year of publication 2008.
300 ## - PHYSICAL DESCRIPTION
Number of Pages xxiii, 31 p.
500 ## - GENERAL NOTE
General note Includes index.
650 #0 - SUBJECT ADDED ENTRY--TOPICAL TERM
Topical Term Video games
Topical Term Games
700 1# - ADDED ENTRY--PERSONAL NAME
Personal name Schreiber, Ian.
856 40 - ELECTRONIC LOCATION AND ACCESS
Uniform Resource Identifier http://site.ebrary.com/lib/rucke/Doc?id=10251030

No items available.

© 2026 Rongo University
Contact us: librarian | system librarian | Rongo university